书目信息 |
| 题名: |
第一次国内革命战争时期的农民运动资料
|
|
| 作者: | ;人民出版社 编辑 | |
| 分册: | ||
| 出版信息: | 北京 人民出版社 1983 |
|
| 页数: | 644页 | |
| 开本: | 19cm | |
| 丛书名: | 中国现代革命史资料丛刊 | |
| 单 册: | ||
| 中图分类: | K262.27 , K262.270.6 | |
| 科图分类: | ||
| 主题词: | 农民运动--中国--1924~1927--史料 , 中国--历史 | |
| 电子资源: | ||
| ISBN: | ||
| 000 | 00846nam2 2200277 45 | |
| 001 | 0183003642 | |
| 005 | 20060420150243.32 | |
| 010 | @dCNY1.80 | |
| 091 | @a11001.526 | |
| 100 | @a19950705d1983 em y0chiy0121 ea | |
| 101 | 0 | @achi |
| 102 | @aCN@b110000 | |
| 105 | @af z 000yy | |
| 200 | 10 | @a第一次国内革命战争时期的农民运动资料@Adi yi ci guo nei ge ming zhan zheng shi qi de nong min yun dong zi liao@f人民出版社编辑 |
| 210 | @a北京@c人民出版社@d1983 | |
| 215 | @a644页@c照片@d19cm | |
| 225 | 2 | @a中国现代革命史资料丛刊 |
| 410 | 0 | @120010@a中国现代革命史资料丛刊 |
| 606 | @a农民运动@y中国@z1924~1927@x史料 | |
| 606 | 0 | @a中国@x历史 |
| 690 | @aK262.27 | |
| 690 | @aK262.270.6@v3 | |
| 711 | 02 | @a人民出版社@Aren min chu ban she@4编辑 |
| 801 | 2 | @aCN@bNLC@c20060420 |
| 801 | 0 | @aCN@b上海图书馆@c20040518 |
| 905 | @dK262.27@e13 | |
| 第一次国内革命战争时期的农民运动资料/人民出版社编辑.-北京:人民出版社,1983 |
| 644页:照片;19cm.-(中国现代革命史资料丛刊) |
| ISBN :CNY1.80 |
| ● |
| 相关链接 |
|
|
|
|
正题名:第一次国内革命战争时期的农民运动资料
索取号:K262.27/13
 
预约/预借
| 序号 | 登录号 | 条形码 | 馆藏地/架位号 | 状态 | 备注 |
| 1 | 0109134 | 202275965 | 密集书库/ [索取号:K262.27/13] | 在馆 | |
| 2 | 0109135 | 000356171 | 第二样本阅览室/ [索取号:K262.27/13] | 在馆 | |
| 3 | 0109136 | 000356180 | 第二样本阅览室/ [索取号:K262.27/13] | 在馆 |